Convex analysis and minimization algorithms /
Guardado en:
| Autor Principal: | |
|---|---|
| Otros Autores: | |
| Formato: | Libro |
| Idioma: | English |
| Publicado: |
Berlin :
Springer-Verlag,
1996, c1993.
|
| Edición: | 2nd corr. print. |
| Series: | Grundlehren der mathematischen Wissenschaften,
305-306 |
| Materias: | |
| Etiquetas: |
Agregar Etiqueta
Sin Etiquetas, Sea el primero en etiquetar este registro!
|
| LEADER | 01281cam a2200337 a 4500 | ||
|---|---|---|---|
| 001 | MAT.inmabb003194 | ||
| 008 | 960725t19961993gw#a#####b####001#0#eng## | ||
| 005 | 20130315003838.0 | ||
| 245 | 1 | 0 | |a Convex analysis and minimization algorithms / |c Jean-Baptiste Hiriart-Urruty, Claude Lemaréchal. |
| 250 | |a 2nd corr. print. | ||
| 260 | |a Berlin : |b Springer-Verlag, |c 1996, c1993. | ||
| 300 | |a 2 v. : |b il. ; |c 25 cm. | ||
| 440 | 0 | |a Grundlehren der mathematischen Wissenschaften, |x 0072-7830 ; |v 305-306 | |
| 504 | |a Incluye referencias bibliográficas. | ||
| 505 | 0 | |a 1. Fundamentals -- 2. Advanced theory and bundle methods. | |
| 510 | 4 | |a MR, |c 95m:90001 |3 (v. 1) | |
| 510 | 4 | |a MR, |c 95m:90002 |3 (v. 2) | |
| 020 | |a 3540568506 (Berlin : v. 1) | ||
| 020 | |a 0387568506 (New York : v. 1) | ||
| 020 | |a 3540568522 (Berlin : v. 2) | ||
| 020 | |a 0387568522 (New York : v. 2) | ||
| 100 | 1 | |a Hiriart-Urruty, Jean-Baptiste, |d 1949- | |
| 700 | 1 | |a Lemaréchal, Claude, |d 1944- | |
| 650 | 0 | |a Convex functions. | |
| 650 | 0 | |a Convex sets. | |
| 084 | |a 90-01 (26B25 49-01) v.1 |2 MR | ||
| 084 | |a 90-01 (49-01 65K05 90C30) v. 2 |2 MR | ||
| 010 | |a 96031946 | ||
| 040 | |a DLC |c DLC |d DLC | ||
| 859 | |h 90 |i H668 |p A-7469 |v 1 |3 Part 1 |b BIB. MATEMATICA | ||
| 859 | |h 90 |i H668 |p A-7470 |v 2 |3 Part 2 |b BIB. MATEMATICA | ||
